Athletes Who Wore #3 - Statistics

General Stats
  • This quiz has been taken 106 times
  • The average score is 9 of 20
Answer Stats
Team Years Player % Correct
Miami Heat 2003-2016, 2018-2019 Dwayne Wade
91%
Seattle Seahawks 2012-2021 Russell Wilson
89%
New York Yankees 1925-1939 Babe Ruth
80%
Los Angeles Lakers 2020- Anthony Davis
79%
Philadelphia 76ers 1997-2007 Allen Iverson
72%
Philadelphia Phillies 2019- Bryce Harper
68%
Washington Wizards 2013-2023 Bradley Beal
56%
New Orleans Hornets 2005-2011 Chris Paul
56%
Nascar 1975-2001 Dale Earnhardt
52%
Tampa Bay Rays 2008-2017 Evan Longoria
41%
Tampa Bay Buccaneers 2015-2019 Jameis Winston
41%
LSU Football 2011-2013 Odell Beckham Jr.
37%
Notre Dame Football 1975-1978 Joe Montana
36%
Minnesota Twins 1961-1974 Harmon Killebrew
25%
Los Angeles Sparks 2008-2020 Candace Parker
22%
Barcelona 2008- Gerard Pique
22%
Atlanta Braves 1976-1990 Dale Murphy
20%
Georgia Football 2012-2014 Todd Gurley
16%
Philadelphia Athletics 1925-1934 Jimmie Foxx
15%
USC Football 1994-1995 Keyshawn Johnson
8%
No matching quizzes found
Score Distribution
Percent of People with Each Score
Percentile by Number Answered
Your Score History
You have not taken this quiz